000 00504cam a2200181 4500
001 D6802
008 090401t1902 xxu||||| |||| 00| 0 eng d
035 _a(Sirsi) u3211
041 _aeng
050 _a692.8
100 _aMacey, Frank W
245 _aConditions of contract relating to building works; revised as to the strictly legal matter, by B.J. Leverson
260 _aLondon
_bSweet & Maxwell/Batsford
_c1902
300 _axix. 278p. 26cm
350 _a0
942 _n0
948 _c04/03/1997
999 _c85860
_d85860